000 00344nam a2200133Ia 4500
005 20251222152019.0
008 251222s9999||||xx |||||||||||||| ||spa||
082 _a354.383/G63
100 _aGómez Orea, Domingo
245 0 _aEvaluación de Impacto Ambiental
250 _a1ra.ed.
264 _bEvaluación de Impacto Ambiental
942 _cLIB
999 _c25202
_d25202